A-Z: names ending in M - Statistics

General Stats
  • This quiz has been taken 36 times
  • The average score is 11 of 26
Answer Stats
Initial letter Clue Name ending in M % Correct
J The capital of Israel Jerusalem
100%
C Ancient arena in Rome Colosseum
94%
D English county and city in the Carolinas Durham
78%
G First name of Blur guitarist Coxon and 1900s novelist Greene Graham
72%
N English Midlands city Nottingham
69%
T Area of North London with a famous football team Tottenham
66%
P London theatre with the same name as a rare metal element Palladium
59%
A Anatomically-themed surname of Mudhoney singer Mark Arm
53%
F London football team Fulham
53%
M First name of Russian socialist writer Gorky Maxim
44%
B Jihadist terrorist group based in Nigeria Boko Haram
41%
K Actor Casey, voice of Shaggy in Scooby Doo and presenter of America's Top Ten Kasem
41%
O Large suburban town next to Manchester Oldham
41%
U Bavarian city on the Danube, mentioned in a Monty Python sketch Ulm
41%
R South Yorkshire town Rotherham
34%
I A son of Muhammed and common Arabic name Ibrahim
28%
H German village whose football team have a stadium with a capacity ten times that of the population of the village Hoffenheim
25%
Q Another son of Muhammed Qasim
25%
E The Roman name for York Eboracum
22%
W Norwegian 400m hurdler Karsten Warholm
22%
L Ancient temple in Athens Lyceum
19%
S District of Lambeth, South London Streatham
16%
Z Brand of guitar effects pedals Zoom
13%
Y American football cornerback Isaac Yiadom
9%
V Austrian actor and director Erich, of the silent film era Von Stroheim
6%
X District of Laos Xanakharm
0%
No matching quizzes found
Score Distribution
Percent of People with Each Score
Percentile by Number Answered
Your Score History
You have not taken this quiz